Impact of structural adjustment on smallholders (Record no. 40906)
[ view plain ]
| 000 -LEADER | |
|---|---|
| fixed length control field | 00352nam a2200121Ia 4500 |
| 082 ## - DEWEY DECIMAL CLASSIFICATION NUMBER | |
| Classification number | 338.43.01 |
| Item number | BOU |
| 100 ## - MAIN ENTRY--AUTHOR NAME | |
| Personal name | Boussard, Jean-Marc |
| 245 #0 - TITLE STATEMENT | |
| Title | Impact of structural adjustment on smallholders |
| 260 ## - PUBLICATION, DISTRIBUTION, ETC. (IMPRINT) | |
| Place of publication | Rome |
| Name of publisher | FAO |
| Year of publication | 1992 |
| 490 ## - SERIES STATEMENT | |
| Series statement | FAO economic and social development paper 103 |
| 942 ## - ADDED ENTRY ELEMENTS (KOHA) | |
| Koha item type | Books |
| Withdrawn status | Lost status | Damaged status | Not for loan | Home library | Current library | Date acquired | Cost, normal purchase price | Full call number | Accession Number | Koha item type |
|---|---|---|---|---|---|---|---|---|---|---|
| RRII Library | RRII Library | 16/12/2021 | 7.00 | 338.43.01 BOU | 21199 | Books |